[Event "DEM U12 2019"]
[Site "Willingen GER"]
[Date "2019.06.09"]
[Round "1"]
[White "Costa, Leonardo"]
[Black "Bolz, Jannis"]
[Result "1-0"]
[Termination "normal"]
[Board "3"]
[WhiteElo "1933"]
[BlackElo "1618"]
[WhiteClock "00:17:34"]
[BlackClock "00:34:20"]
[PlyCount "79"]
[WhiteFideId "16213955"]
[BlackFideId "16214897"]
[EventCountry "GER"]
[EventRounds "9"]
[EventType "swiss"]
[EventDate "2019.06.08"]

1. e4 {[%clk 1:30:57]} 1... e5 {[%clk 1:30:50]} 2. Nf3 {[%clk 1:31:22]} 2...
Nc6 {[%clk 1:30:57]} 3. d4 {[%clk 1:31:40]} 3... exd4 {[%clk 1:31:15]} 4. Nxd4
{[%clk 1:32:04]} 4... Bc5 {[%clk 1:31:07]} 5. Nb3 {[%clk 1:32:05]} 5... Bb6 {
[%clk 1:30:45]} 6. Nc3 {[%clk 1:30:22]} 6... d6 {[%clk 1:28:55]} 7. Qe2 { [%clk
1:27:02]} 7... Nd4 {[%clk 1:12:57]} 8. Nxd4 {[%clk 1:12:26]} 8... Bxd4 { [%clk
1:13:21]} 9. Qd3 {[%clk 1:12:11]} 9... Qf6 {[%clk 1:13:05]} 10. Be3 { [%clk
1:12:32]} 10... Bxe3 {[%clk 1:11:13]} 11. Qxe3 {[%clk 1:12:54]} 11... Ne7
{[%clk 1:10:23]} 12. Bc4 {[%clk 0:55:36]} 12... O-O {[%clk 1:09:21]} 13. O-O {
[%clk 0:53:48]} 13... Bd7 {[%clk 1:04:37]} 14. Rad1 {[%clk 0:45:50]} 14... Qh4
{[%clk 1:00:31]} 15. Qg3 {[%clk 0:36:47]} 15... Qxg3 {[%clk 0:59:15]} 16. hxg3
{[%clk 0:37:05]} 16... Be6 {[%clk 0:55:55]} 17. Bd5 {[%clk 0:31:05]} 17... Rfe8
{[%clk 0:50:52]} 18. Rfe1 {[%clk 0:28:07]} 18... Nxd5 {[%clk 0:46:48]} 19. exd5
{[%clk 0:24:22]} 19... Bf5 {[%clk 0:45:56]} 20. Nb5 {[%clk 0:23:02]} 20... a6 {
[%clk 0:44:08]} 21. Nxc7 {[%clk 0:21:50]} 21... Rxe1+ {[%clk 0:44:25]} 22. Rxe1
{[%clk 0:22:16]} 22... Rc8 {[%clk 0:42:02]} 23. Re8+ {[%clk 0:22:28]} 23...
Rxe8 {[%clk 0:42:15]} 24. Nxe8 {[%clk 0:22:54]} 24... Bxc2 {[%clk 0:42:07]} 25.
Nxd6 {[%clk 0:22:29]} 25... b5 {[%clk 0:42:26]} 26. Nb7 {[%clk 0:20:16]} 26...
Kf8 {[%clk 0:42:01]} 27. Nc5 {[%clk 0:20:13]} 27... a5 {[%clk 0:42:15]} 28. d6
{[%clk 0:20:35]} 28... Bb1 {[%clk 0:40:05]} 29. a3 {[%clk 0:20:58]} 29... Ba2 {
[%clk 0:40:20]} 30. f4 {[%clk 0:20:18]} 30... Bc4 {[%clk 0:39:20]} 31. Kf2 {
[%clk 0:19:39]} 31... Ke8 {[%clk 0:38:55]} 32. g4 {[%clk 0:19:26]} 32... h6 {
[%clk 0:38:16]} 33. g5 {[%clk 0:18:05]} 33... hxg5 {[%clk 0:37:45]} 34. fxg5 {
[%clk 0:18:30]} 34... Bd5 {[%clk 0:36:37]} 35. g3 {[%clk 0:17:13]} 35... Kd8 {
[%clk 0:36:31]} 36. Ke3 {[%clk 0:17:24]} 36... Ke8 {[%clk 0:35:08]} 37. Kd4 {
[%clk 0:17:21]} 37... Bf3 {[%clk 0:34:47]} 38. Nb3 {[%clk 0:17:07]} 38... Kd7 {
[%clk 0:34:20]} 39. Kc5 {[%clk 0:17:12]} 39... a4 {[%clk 0:34:20]} 40. Nd4 {
[%clk 0:17:34]} 1-0

[Event "DEM U12 2019"]
[Site "Willingen GER"]
[Date "2019.06.09"]
[Round "1"]
[White "Foerster-Yialamas, Lucas"]
[Black "Kageler, Anton Paul"]
[Result "1-0"]
[Termination "normal"]
[Board "5"]
[WhiteElo "1981"]
[BlackElo "1563"]
[WhiteClock "01:29:57"]
[BlackClock "00:30:10"]
[PlyCount "97"]
[WhiteFideId "30901774"]
[BlackFideId "16244850"]
[EventCountry "GER"]
[EventRounds "9"]
[EventType "swiss"]
[EventDate "2019.06.08"]

1. e4 {[%clk 1:30:56]} 1... c5 {[%clk 1:30:54]} 2. Nf3 {[%clk 1:31:19]} 2... d6
{[%clk 1:31:17]} 3. d4 {[%clk 1:31:45]} 3... cxd4 {[%clk 1:31:38]} 4. Nxd4 {
[%clk 1:32:13]} 4... Nf6 {[%clk 1:31:48]} 5. Nc3 {[%clk 1:32:39]} 5... g6 {
[%clk 1:32:01]} 6. f3 {[%clk 1:33:04]} 6... Bg7 {[%clk 1:32:09]} 7. Be3 { [%clk
1:33:29]} 7... O-O {[%clk 1:32:01]} 8. Qd2 {[%clk 1:33:53]} 8... Nc6 { [%clk
1:31:51]} 9. O-O-O {[%clk 1:34:16]} 9... d5 {[%clk 1:31:05]} 10. exd5 { [%clk
1:29:24]} 10... Nxd5 {[%clk 1:31:24]} 11. Nxd5 {[%clk 1:25:13]} 11... Qxd5
{[%clk 1:30:09]} 12. Nxc6 {[%clk 1:23:58]} 12... Qxc6 {[%clk 1:24:22]} 13. Qb4
{[%clk 1:20:16]} 13... Bf5 {[%clk 1:20:08]} 14. Bd3 {[%clk 1:19:50]} 14... Bxd3
{[%clk 1:13:53]} 15. Rxd3 {[%clk 1:20:11]} 15... Rac8 {[%clk 1:11:03]} 16. Qb3
{[%clk 1:17:45]} 16... a5 {[%clk 0:59:16]} 17. a4 {[%clk 1:17:02]} 17... b6
{[%clk 0:33:09]} 18. Rhd1 {[%clk 1:16:49]} 18... Rb8 {[%clk 0:28:35]} 19. Qb5 {
[%clk 1:13:39]} 19... Rbc8 {[%clk 0:16:51]} 20. Qxc6 {[%clk 1:13:48]} 20...
Rxc6 {[%clk 0:17:15]} 21. Rd7 {[%clk 1:13:28]} 21... Bf6 {[%clk 0:15:40]} 22.
Bh6 {[%clk 1:13:35]} 22... Re8 {[%clk 0:12:30]} 23. R1d3 {[%clk 1:10:37]} 23...
e6 {[%clk 0:11:39]} 24. Rb7 {[%clk 1:09:33]} 24... Rec8 {[%clk 0:11:30]} 25. c3
{[%clk 1:09:47]} 25... Rc4 {[%clk 0:08:07]} 26. g3 {[%clk 1:08:25]} 26... Bg7 {
[%clk 0:03:12]} 27. Bxg7 {[%clk 1:07:28]} 27... Kxg7 {[%clk 0:03:38]} 28. Rdd7
{[%clk 1:06:49]} 28... Rf8 {[%clk 0:03:04]} 29. Rxb6 {[%clk 1:06:37]} 29... Kf6
{[%clk 0:02:51]} 30. Kb1 {[%clk 1:05:28]} 30... Rfc8 {[%clk 0:01:52]} 31. Rbb7
{[%clk 1:05:42]} 31... Rf8 {[%clk 0:02:12]} 32. Ra7 {[%clk 1:05:46]} 32... Rc5
{[%clk 0:01:50]} 33. Rd4 {[%clk 1:04:19]} 33... Rf5 {[%clk 0:00:53]} 34. Ka2 {
[%clk 1:03:04]} 34... Rxf3 {[%clk 0:00:35]} 35. Rxa5 {[%clk 1:03:24]} 35... e5
{[%clk 0:01:01]} 36. Rd2 {[%clk 1:00:47]} 36... e4 {[%clk 0:01:10]} 37. Rad5 {
[%clk 1:00:43]} 37... e3 {[%clk 0:01:19]} 38. Re2 {[%clk 1:00:34]} 38... Re8 {
[%clk 0:01:47]} 39. Rd1 {[%clk 1:00:21]} 39... Kf5 {[%clk 0:00:57]} 40. a5 {
[%clk 0:59:31]} 40... Kg4 {[%clk 0:00:49]} 41. Rd4+ {[%clk 0:58:56]} 41... Kf5
{[%clk 0:01:18]} 42. a6 {[%clk 0:58:50]} 42... g5 {[%clk 0:01:18]} 43. a7 {
[%clk 0:58:37]} 43... Rf2 {[%clk 0:00:52]} 44. Rxe3 {[%clk 0:58:57]} 44... Ra8
{[%clk 0:30:04]} 45. Re7 {[%clk 1:28:49]} 45... Kf6 {[%clk 0:30:13]} 46. Rdd7 {
[%clk 1:28:59]} 46... Rxh2 {[%clk 0:29:54]} 47. Rxf7+ {[%clk 1:29:08]} 47...
Ke6 {[%clk 0:29:51]} 48. Rde7+ {[%clk 1:29:31]} 48... Kd6 {[%clk 0:30:10]} 49.
Rb7 {[%clk 1:29:57]} 1-0

[Event "DEM U12 2019"]
[Site "Willingen GER"]
[Date "2019.06.09"]
[Round "1"]
[White "Schreidl, Michael"]
[Black "Hänselmann, Hendrik"]
[Result "1-0"]
[Termination "normal"]
[Board "6"]
[WhiteElo "1586"]
[BlackElo "1819"]
[WhiteClock "00:38:02"]
[BlackClock "00:37:24"]
[PlyCount "45"]
[WhiteFideId "16265750"]
[BlackFideId "16232755"]
[EventCountry "GER"]
[EventRounds "9"]
[EventType "swiss"]
[EventDate "2019.06.08"]

1. e4 {[%clk 1:30:57]} 1... c5 {[%clk 1:30:59]} 2. Nf3 {[%clk 1:31:22]} 2... e6
{[%clk 1:31:22]} 3. d4 {[%clk 1:31:46]} 3... cxd4 {[%clk 1:31:48]} 4. Nxd4 {
[%clk 1:32:10]} 4... Nc6 {[%clk 1:31:40]} 5. Nc3 {[%clk 1:32:34]} 5... Qc7 {
[%clk 1:32:35]} 6. Be3 {[%clk 1:32:35]} 6... a6 {[%clk 1:32:59]} 7. Bd3 { [%clk
1:29:06]} 7... Nf6 {[%clk 1:32:54]} 8. O-O {[%clk 1:28:24]} 8... Nxd4 { [%clk
1:32:00]} 9. Bxd4 {[%clk 1:28:34]} 9... Bc5 {[%clk 1:31:57]} 10. Bxc5 { [%clk
1:27:18]} 10... Qxc5 {[%clk 1:28:21]} 11. Qe2 {[%clk 1:22:39]} 11... d6 { [%clk
1:27:18]} 12. Rad1 {[%clk 1:16:24]} 12... O-O {[%clk 1:25:21]} 13. Kh1 { [%clk
1:13:10]} 13... Bd7 {[%clk 1:22:46]} 14. f4 {[%clk 1:10:37]} 14... Bc6 { [%clk
1:19:07]} 15. Rf3 {[%clk 0:59:35]} 15... d5 {[%clk 1:12:57]} 16. e5 { [%clk
0:50:46]} 16... Nd7 {[%clk 0:49:44]} 17. Rg3 {[%clk 0:47:47]} 17... Qe7 { [%clk
0:45:21]} 18. Bxh7+ {[%clk 0:38:51]} 18... Kxh7 {[%clk 0:42:03]} 19. Qh5+
{[%clk 0:38:08]} 19... Kg8 {[%clk 0:39:46]} 20. Rxg7+ {[%clk 0:38:11]} 20...
Kxg7 21. Qg4+ 21... Kh7 {[%clk 0:37:10]} 22. Rd3 {[%clk 0:37:44]} 22... Nf6 {
[%clk 0:37:24]} 23. Rh3+ {[%clk 0:38:02]} 1-0

[Event "DEM U12 2019"]
[Site "Willingen GER"]
[Date "2019.06.09"]
[Round "1"]
[White "Hecht, Jonas Christian"]
[Black "Hagenbeck-Hübert, Jan"]
[Result "1-0"]
[Termination "normal"]
[Board "9"]
[WhiteElo "1726"]
[BlackElo "1574"]
[WhiteClock "00:13:07"]
[BlackClock "00:14:40"]
[PlyCount "67"]
[WhiteFideId "16214846"]
[BlackFideId "16259505"]
[EventCountry "GER"]
[EventRounds "9"]
[EventType "swiss"]
[EventDate "2019.06.08"]

1. c4 {[%clk 1:30:51]} 1... e6 {[%clk 1:30:33]} 2. Nc3 {[%clk 1:30:43]} 2...
Nf6 {[%clk 1:30:20]} 3. g3 {[%clk 1:30:57]} 3... d5 4. d4 {[%clk 1:30:30]} 4...
c6 {[%clk 1:27:40]} 5. cxd5 {[%clk 1:22:43]} 5... exd5 {[%clk 1:22:55]} 6. Bg2
{[%clk 1:22:37]} 6... Bd6 {[%clk 1:21:27]} 7. Nf3 {[%clk 1:22:19]} 7... O-O {
[%clk 1:20:47]} 8. O-O {[%clk 1:22:03]} 8... Re8 {[%clk 1:19:40]} 9. Qc2 {
[%clk 1:18:42]} 9... Nbd7 {[%clk 1:15:44]} 10. a3 {[%clk 1:17:15]} 10... Nf8 {
[%clk 1:12:53]} 11. b4 {[%clk 1:14:15]} 11... Qb6 {[%clk 1:08:35]} 12. Na4 {
[%clk 1:09:16]} 12... Qa6 {[%clk 1:04:31]} 13. Re1 {[%clk 0:53:13]} 13... Ne6 {
[%clk 0:55:29]} 14. e3 {[%clk 0:52:02]} 14... b5 {[%clk 0:47:28]} 15. Nc5 {
[%clk 0:46:41]} 15... Bxc5 {[%clk 0:43:21]} 16. dxc5 {[%clk 0:45:55]} 16... Qb7
{[%clk 0:41:37]} 17. Bb2 {[%clk 0:41:14]} 17... Ne4 {[%clk 0:38:36]} 18. Ne5 {
[%clk 0:34:15]} 18... f6 {[%clk 0:37:05]} 19. Nf3 {[%clk 0:30:41]} 19... N4g5 {
[%clk 0:35:53]} 20. Nh4 {[%clk 0:28:15]} 20... Nf7 {[%clk 0:33:26]} 21. Rad1 {
[%clk 0:24:51]} 21... Neg5 {[%clk 0:30:58]} 22. f4 {[%clk 0:20:56]} 22... Ne4 {
[%clk 0:30:10]} 23. Rd4 {[%clk 0:19:34]} 23... f5 {[%clk 0:29:21]} 24. Nf3 {
[%clk 0:18:28]} 24... g6 {[%clk 0:28:22]} 25. Rdd1 {[%clk 0:17:13]} 25... Bd7 {
[%clk 0:27:00]} 26. Nd2 {[%clk 0:17:05]} 26... Nxd2 {[%clk 0:18:57]} 27. Qc3 {
[%clk 0:13:23]} 27... Kf8 {[%clk 0:18:46]} 28. Qg7+ {[%clk 0:12:33]} 28... Ke7
{[%clk 0:18:59]} 29. Bf6+ {[%clk 0:12:01]} 29... Ke6 {[%clk 0:19:11]} 30. Bh4 {
[%clk 0:12:26]} 30... g5 {[%clk 0:18:15]} 31. fxg5 {[%clk 0:12:39]} 31... Nxg5
{[%clk 0:14:16]} 32. Bxg5 {[%clk 0:12:48]} 32... Bc8 {[%clk 0:14:30]} 33. Qf6+
{[%clk 0:13:07]} 33... Kd7 {[%clk 0:14:40]} 34. Qd6# 1-0

[Event "DEM U12 2019"]
[Site "Willingen GER"]
[Date "2019.06.09"]
[Round "1"]
[White "Winkler, Yonathan"]
[Black "Kempe, Caius Emilian"]
[Result "1/2-1/2"]
[Termination "normal"]
[Board "10"]
[WhiteElo "1536"]
[BlackElo "1766"]
[WhiteClock "00:18:45"]
[BlackClock "00:16:43"]
[PlyCount "82"]
[WhiteFideId "16266080"]
[BlackFideId "16246861"]
[EventCountry "GER"]
[EventRounds "9"]
[EventType "swiss"]
[EventDate "2019.06.08"]

1. e4 {[%clk 1:30:55]} 1... c5 {[%clk 1:30:52]} 2. Nf3 {[%clk 1:31:01]} 2...
Nc6 {[%clk 1:31:14]} 3. d4 {[%clk 1:29:47]} 3... cxd4 {[%clk 1:31:32]} 4. Nxd4
{[%clk 1:30:10]} 4... g6 {[%clk 1:31:50]} 5. Nxc6 {[%clk 1:25:31]} 5... bxc6 {
[%clk 1:32:11]} 6. Qd4 {[%clk 1:22:01]} 6... Nf6 {[%clk 1:32:16]} 7. e5 { [%clk
1:15:22]} 7... Nd5 {[%clk 1:30:55]} 8. c4 {[%clk 1:14:09]} 8... Nb4 { [%clk
1:29:33]} 9. Qc3 {[%clk 1:11:11]} 9... c5 {[%clk 1:26:27]} 10. e6 { [%clk
1:03:53]} 10... f6 {[%clk 1:22:19]} 11. a3 {[%clk 1:02:27]} 11... Nc6 { [%clk
1:22:35]} 12. exd7+ 12... Qxd7 {[%clk 1:20:14]} 13. Bd3 {[%clk 1:01:08]} 13...
Bg7 {[%clk 1:19:30]} 14. O-O {[%clk 0:59:04]} 14... O-O {[%clk 1:19:39]} 15.
Be4 {[%clk 0:47:55]} 15... f5 {[%clk 1:18:44]} 16. Bd5+ {[%clk 0:46:25]} 16...
e6 {[%clk 1:17:11]} 17. Bxc6 {[%clk 0:46:18]} 17... Qxc6 {[%clk 1:17:27]} 18.
Qc2 {[%clk 0:45:21]} 18... Bb7 {[%clk 1:17:32]} 19. f3 {[%clk 0:45:28]} 19...
Rad8 {[%clk 1:14:00]} 20. Bd2 {[%clk 0:44:09]} 20... Bd4+ {[%clk 1:13:10] } 21.
Kh1 {[%clk 0:44:13]} 21... Rd7 {[%clk 1:12:27]} 22. Nc3 {[%clk 0:42:17]} 22...
Rfd8 {[%clk 1:09:56]} 23. Bg5 {[%clk 0:41:47]} 23... Re8 {[%clk 1:06:31]} 24.
Rfe1 {[%clk 0:41:03]} 24... a6 {[%clk 1:04:54]} 25. Rad1 {[%clk 0:35:43]} 25...
e5 {[%clk 0:57:01]} 26. Nd5 {[%clk 0:34:49]} 26... Rxd5 {[%clk 0:52:06]} 27.
cxd5 {[%clk 0:34:50]} 27... Qxd5 {[%clk 0:52:08]} 28. Be3 {[%clk 0:30:51]}
28... Rc8 {[%clk 0:50:11]} 29. Qf2 {[%clk 0:29:49]} 29... f4 {[%clk 0:44:30]}
30. Bxd4 {[%clk 0:29:52]} 30... cxd4 {[%clk 0:44:42]} 31. Qe2 {[%clk 0:29:36]}
31... Re8 {[%clk 0:42:10]} 32. Qf2 {[%clk 0:29:42]} 32... d3 {[%clk 0:36:30]}
33. Qd2 {[%clk 0:28:47]} 33... e4 {[%clk 0:32:07]} 34. fxe4 {[%clk 0:28:56]}
34... Rxe4 {[%clk 0:32:31]} 35. Rxe4 {[%clk 0:29:05]} 35... Qxe4 { [%clk
0:32:53]} 36. Re1 {[%clk 0:28:59]} 36... Qd5 {[%clk 0:33:09]} 37. Rf1 { [%clk
0:26:40]} 37... Qg5 {[%clk 0:23:26]} 38. Kg1 {[%clk 0:22:11]} 38... Qc5+ {[%clk
0:22:26]} 39. Kh1 {[%clk 0:22:23]} 39... Qe3 40. Qb4 {[%clk 0:19:38]} 40... Qe2
{[%clk 0:17:28]} 41. Qc4+ {[%clk 0:18:45]} 41... Kh8 {[%clk 0:16:43]} 1/2-1/2

[Event "DEM U12 2019"]
[Site "Willingen GER"]
[Date "2019.06.09"]
[Round "1"]
[White "Klühs, Gustaf"]
[Black "Morczynski, Joachim"]
[Result "1-0"]
[Termination "normal"]
[Board "11"]
[WhiteElo "1705"]
[BlackElo "1733"]
[WhiteClock "00:49:02"]
[BlackClock "00:14:22"]
[PlyCount "76"]
[WhiteFideId "16228936"]
[BlackFideId "16209745"]
[EventCountry "GER"]
[EventRounds "9"]
[EventType "swiss"]
[EventDate "2019.06.08"]

1. d4 {[%clk 1:30:53]} 1... Nf6 {[%clk 1:30:40]} 2. Nf3 {[%clk 1:31:12]} 2...
g6 {[%clk 1:30:52]} 3. g3 {[%clk 1:31:39]} 3... Bg7 {[%clk 1:31:04]} 4. Bg2 {
[%clk 1:32:05]} 4... d6 {[%clk 1:30:50]} 5. O-O {[%clk 1:32:29]} 5... O-O {
[%clk 1:31:14]} 6. b3 {[%clk 1:32:06]} 6... c5 {[%clk 1:19:13]} 7. e3 { [%clk
1:26:24]} 7... cxd4 {[%clk 1:14:00]} 8. exd4 {[%clk 1:26:49]} 8... Bf5 { [%clk
1:11:35]} 9. Nh4 {[%clk 1:25:55]} 9... Bg4 {[%clk 1:07:37]} 10. Qd2 { [%clk
1:24:05]} 10... Nc6 {[%clk 1:02:17]} 11. Bb2 {[%clk 1:17:44]} 11... Rc8 { [%clk
0:54:14]} 12. h3 {[%clk 1:11:57]} 12... Bd7 {[%clk 0:53:47]} 13. d5 { [%clk
1:10:07]} 13... Nb8 {[%clk 0:53:21]} 14. c4 {[%clk 1:09:14]} 14... Na6 { [%clk
0:52:11]} 15. Nf3 {[%clk 1:08:08]} 15... Nc5 {[%clk 0:49:36]} 16. Nc3 { [%clk
1:06:00]} 16... Nfe4 {[%clk 0:45:58]} 17. Nxe4 {[%clk 1:04:42]} 17... Nxe4
{[%clk 0:46:12]} 18. Qe2 {[%clk 1:03:58]} 18... Bxb2 {[%clk 0:46:03]} 19. Qxb2
{[%clk 1:04:11]} 19... Qb6 {[%clk 0:45:23]} 20. Qd4 {[%clk 1:01:15]} 20... Qxd4
{[%clk 0:45:40]} 21. Nxd4 {[%clk 1:01:39]} 21... Nf6 {[%clk 0:45:01]} 22. Rfe1
{[%clk 1:00:21]} 22... Rfe8 {[%clk 0:45:04]} 23. Rac1 {[%clk 0:59:35]} 23...
Kf8 {[%clk 0:42:21]} 24. Kh2 {[%clk 0:59:10]} 24... Rc7 {[%clk 0:39:29]} 25.
Rc2 {[%clk 0:57:08]} 25... b5 {[%clk 0:38:19]} 26. Nc6 {[%clk 0:56:16]} 26...
Bxc6 {[%clk 0:38:03]} 27. cxb5 {[%clk 0:55:18]} 27... Rb7 {[%clk 0:29:16] } 28.
bxc6 {[%clk 0:55:01]} 28... Rb5 {[%clk 0:29:22]} 29. Rd1 {[%clk 0:54:38]} 29...
Rc8 {[%clk 0:25:08]} 30. Rc4 {[%clk 0:52:42]} 30... e6 {[%clk 0:21:29]} 31.
dxe6 {[%clk 0:52:32]} 31... d5 {[%clk 0:21:24]} 32. Rf4 {[%clk 0:51:41]} 32...
Ke7 {[%clk 0:20:58]} 33. exf7 {[%clk 0:50:58]} 33... Rxc6 {[%clk 0:18:42] } 34.
Rxd5 {[%clk 0:49:17]} 34... Rxd5 {[%clk 0:18:22]} 35. Bxd5 { [%clk 0:49:00]}
35... Rc8 {[%clk 0:16:56]} 36. Bc4 {[%clk 0:49:22]} 36... g5 { [%clk 0:15:39]}
37. Rf5 {[%clk 0:49:05]} 37... g4 {[%clk 0:15:24]} 38. h4 { [%clk 0:49:02]}
38... h5 {[%clk 0:14:22]} 1-0

[Event "DEM U12 2019"]
[Site "Willingen GER"]
[Date "2019.06.09"]
[Round "1"]
[White "Breitkopf-Lazar, Patrick-Robert"]
[Black "Weyerer, Noah"]
[Result "1-0"]
[Termination "normal"]
[Board "13"]
[WhiteElo "1659"]
[BlackElo "1320"]
[WhiteClock "00:12:50"]
[BlackClock "00:02:12"]
[PlyCount "110"]
[WhiteFideId "16213742"]
[BlackFideId "16250664"]
[EventCountry "GER"]
[EventRounds "9"]
[EventType "swiss"]
[EventDate "2019.06.08"]

1. e4 {[%clk 1:30:51]} 1... d5 {[%clk 1:30:51]} 2. exd5 {[%clk 1:31:16]} 2...
Qxd5 {[%clk 1:31:13]} 3. Nc3 {[%clk 1:31:36]} 3... Qd6 {[%clk 1:31:39]} 4. d4 {
[%clk 1:31:38]} 4... Nf6 {[%clk 1:31:47]} 5. Nge2 {[%clk 1:30:39]} 5... c6 {
[%clk 1:31:24]} 6. Bf4 {[%clk 1:30:27]} 6... Qd8 {[%clk 1:30:53]} 7. Ng3 {
[%clk 1:28:18]} 7... Be6 {[%clk 1:28:20]} 8. Qd2 {[%clk 1:17:03]} 8... Nbd7 {
[%clk 1:25:19]} 9. Be2 {[%clk 1:04:34]} 9... Nb6 {[%clk 1:23:32]} 10. b3 {
[%clk 1:00:59]} 10... Nbd5 {[%clk 1:19:10]} 11. Rd1 {[%clk 0:58:06]} 11... Nxc3
{[%clk 1:17:52]} 12. Qxc3 {[%clk 0:58:29]} 12... Nd5 {[%clk 1:16:10]} 13. Qd2 {
[%clk 0:57:46]} 13... Nxf4 {[%clk 1:16:00]} 14. Qxf4 {[%clk 0:58:10]} 14...
Qa5+ {[%clk 1:14:54]} 15. Qd2 {[%clk 0:57:24]} 15... Qxd2+ {[%clk 1:12:18]} 16.
Kxd2 {[%clk 0:52:16]} 16... O-O-O {[%clk 1:10:50]} 17. Ke3 {[%clk 0:52:40]}
17... g6 {[%clk 1:09:43]} 18. Ne4 {[%clk 0:52:30]} 18... Bf5 {[%clk 1:06:35]}
19. f3 {[%clk 0:41:43]} 19... Bg7 {[%clk 1:03:24]} 20. c3 {[%clk 0:41:16]}
20... e5 {[%clk 1:00:15]} 21. dxe5 {[%clk 0:39:27]} 21... Bxe5 {[%clk 0:57:56]}
22. Ng5 {[%clk 0:29:54]} 22... Bxc3 {[%clk 0:50:58]} 23. Nxf7 {[%clk 0:29:57]}
23... Rhe8+ {[%clk 0:48:45]} 24. Kf2 {[%clk 0:29:27]} 24... Bd4+ { [%clk
0:45:33]} 25. Kg3 {[%clk 0:28:48]} 25... Rd7 {[%clk 0:35:20]} 26. Rhe1 { [%clk
0:24:56]} 26... Rxf7 {[%clk 0:33:15]} 27. Rxd4 {[%clk 0:25:07]} 27... Rfe7
{[%clk 0:32:02]} 28. Kf2 {[%clk 0:24:58]} 28... Kc7 {[%clk 0:31:07]} 29. Rdd1
{[%clk 0:23:51]} 29... b5 {[%clk 0:28:51]} 30. g4 {[%clk 0:24:10]} 30... Be6
{[%clk 0:24:55]} 31. Bd3 {[%clk 0:23:14]} 31... Bd5 {[%clk 0:22:49]} 32. Rxe7+
{[%clk 0:22:58]} 32... Rxe7 {[%clk 0:23:09]} 33. Bxb5 {[%clk 0:23:16]} 33...
Bxf3 {[%clk 0:22:31]} 34. Kxf3 {[%clk 0:21:32]} 34... cxb5 { [%clk 0:22:52]}
35. Rd2 {[%clk 0:19:56]} 35... Kc6 {[%clk 0:20:24]} 36. Kf4 { [%clk 0:19:39]}
36... Kc7 {[%clk 0:17:15]} 37. Kg5 {[%clk 0:18:42]} 37... Re3 { [%clk 0:11:21]}
38. h4 {[%clk 0:09:56]} 38... Re4 {[%clk 0:06:22]} 39. Rf2 { [%clk 0:06:52]}
39... Re7 {[%clk 0:05:10]} 40. Rf4 {[%clk 0:04:01]} 40... Kd6 { [%clk 0:02:10]}
41. Kf6 {[%clk 0:01:38]} 41... Rb7 {[%clk 0:27:15]} 42. Rd4+ { [%clk 0:23:29]}
42... Kc5 {[%clk 0:26:35]} 43. Re4 {[%clk 0:23:52]} 43... a5 { [%clk 0:21:39]}
44. g5 {[%clk 0:23:53]} 44... Rb6+ {[%clk 0:18:01]} 45. Kg7 { [%clk 0:21:29]}
45... Rb7+ {[%clk 0:17:47]} 46. Kg8 {[%clk 0:16:33]} 46... Rd7 {[%clk 0:04:36]}
47. Rf4 {[%clk 0:15:55]} 47... b4 {[%clk 0:04:14]} 48. Rf2 { [%clk 0:14:42]}
48... Re7 {[%clk 0:02:34]} 49. Rf7 {[%clk 0:11:45]} 49... Re2 { [%clk 0:02:00]}
50. Kxh7 {[%clk 0:12:05]} 50... Rxa2 {[%clk 0:02:18]} 51. Kxg6 {[%clk 0:12:29]}
51... Rb2 {[%clk 0:01:54]} 52. h5 {[%clk 0:12:39]} 52... Rxb3 {[%clk 0:02:12]}
53. h6 {[%clk 0:12:50]} 53... Rh3 54. h7 b3 55. Rb7 a4 1-0

[Event "DEM U12 2019"]
[Site "Willingen GER"]
[Date "2019.06.09"]
[Round "1"]
[White "Brunner, Alexander"]
[Black "Fuchs, Florian"]
[Result "0-1"]
[Termination "normal"]
[Board "14"]
[WhiteElo "1539"]
[BlackElo "1746"]
[WhiteClock "00:12:25"]
[BlackClock "00:40:05"]
[PlyCount "33"]
[WhiteFideId "12965278"]
[BlackFideId "16213351"]
[EventCountry "GER"]
[EventRounds "9"]
[EventType "swiss"]
[EventDate "2019.06.08"]

1. d4 {[%clk 1:30:58]} 1... Nf6 {[%clk 1:30:50]} 2. Nc3 {[%clk 1:31:16]} 2...
d5 {[%clk 1:30:36]} 3. Bf4 {[%clk 1:31:34]} 3... Bf5 {[%clk 1:29:26]} 4. e3 {
[%clk 1:27:30]} 4... e6 {[%clk 1:29:00]} 5. f3 {[%clk 1:23:29]} 5... a6 { [%clk
1:24:53]} 6. g4 {[%clk 1:22:16]} 6... Bg6 {[%clk 1:24:22]} 7. h4 { [%clk
1:21:52]} 7... h6 {[%clk 1:22:43]} 8. Bd3 {[%clk 1:21:25]} 8... Bxd3 { [%clk
1:22:17]} 9. Qxd3 {[%clk 1:21:09]} 9... c5 {[%clk 1:22:05]} 10. Nge2 { [%clk
0:57:38]} 10... Nc6 {[%clk 1:20:32]} 11. Kf2 {[%clk 0:49:49]} 11... Be7 { [%clk
1:15:40]} 12. Ng3 {[%clk 0:46:14]} 12... cxd4 {[%clk 0:49:55]} 13. exd4 { [%clk
0:45:58]} 13... Nd7 {[%clk 0:46:18]} 14. Qe3 {[%clk 0:25:43]} 14... Nxd4 {[%clk
0:43:28]} 15. Qd2 {[%clk 0:18:30]} 15... Nc6 {[%clk 0:41:25]} 16. Be3 { [%clk
0:12:25]} 16... d4 {[%clk 0:40:05]} 17. Qd1 0-1

[Event "DEM U12 2019"]
[Site "Willingen GER"]
[Date "2019.06.09"]
[Round "1"]
[White "Meuer, David"]
[Black "Reichmann, Felix"]
[Result "1/2-1/2"]
[Termination "normal"]
[Board "16"]
[WhiteElo "1549"]
[BlackElo "1725"]
[PlyCount "50"]
[WhiteFideId "16262964"]
[BlackFideId "16238290"]
[EventCountry "GER"]
[EventRounds "9"]
[EventType "swiss"]
[EventDate "2019.06.08"]

1. e4 c5 2. c3 g6 3. d4 cxd4 4. cxd4 d5 5. e5 Nc6 6. Bb5 Bg7 7. Nc3 Nh6 8. h3
O-O 9. Nf3 a6 10. Bxc6 bxc6 11. O-O Qc7 12. Na4 a5 13. b3 Nf5 14. Ba3 f6 15.
exf6 Bxf6 16. Rc1 Nd6 17. Nc5 Bf5 18. Re1 Ne4 19. Nxe4 Bxe4 20. Ne5 Bxe5 21.
dxe5 Qxe5 22. Rxc6 Rf7 23. Qd2 Raf8 24. Bc5 Qh5 25. Bd4 Rf3 1/2-1/2